[Event "3rd HoliCup Lake City 2019"]
[Site "Udaipur"]
[Date "2019.03.31"]
[Round "7.5"]
[White "Joshi, Govind Ballabh"]
[Black "Lokesh, N.."]
[Result "1/2-1/2"]
[WhiteElo "2128"]
[BlackElo "2157"]
[Annotator "TA"]
[PlyCount "77"]
[EventDate "2019.??.??"]
[EventCountry "IND"]
[SourceTitle "playchess.com"]
[Source "ChessBase"]
[SourceQuality "1"]

{[%evp 20,77,19,0,16,6,2,-14,-15,-17,-15,-8,-10,-8,-8,-8,-8,-8,-11,-8,-14,-23,-8,-24,0,-19,19,19,12,16,22,23,18,25,62,46,47,40,45,44,63,57,45,44,52,0,70,0,0,0,0,0,0,0,0,0,0,0,0,6]} 1. d4 Nf6 2. c4 e6 3. Nf3 d5 4. Nc3 c6 5. e3 Nbd7 6. Bd3 Bd6 7. O-O O-O 8. e4 dxc4 9. Bxc4 e5 10. Bb3 Qe7 11. Re1 exd4 {D46: Semi-Slav: 5 e3 Nbd7 6 Bd3, Black avoids the Meran} 12. Nxd4 {[#] Strongly threatening Nf5.} Ne5 13. h3 Bc5 $146 {...Rd8 is the strong threat.} ({Predecessor:} 13... Rd8 14. Qe2 Bb4 15. Nf5 Bxf5 16. exf5 Re8 17. Bf4 Bd6 18. Rad1 Nfd7 19. Bg3 Bc5 20. Kh2 {1-0 (20) Sagalchik,G (2530)-Goregliad,S (2315) Long Island 1995}) 14. Nf5 Bxf5 15. exf5 Rad8 16. Qe2 Rfe8 17. Bg5 Nd3 {[#] Threatens to win with ...Qd7.} 18. Bxf6 Qxe2 19. Rxe2 gxf6 20. Ne4 Kg7 {Hoping for ...Nxf2!} 21. Kf1 Bd4 22. f3 Nxb2 23. Rb1 Nd3 24. Rd1 $36 {[%mdl 2048] White fights for an advantage.} Bb6 25. Red2 Nb4 26. a3 Na6 27. Rd7 $1 {[%cal Rd7f7]} Rf8 28. Rxb7 {Black must now prevent Rxd8.} Rxd1+ 29. Bxd1 Rd8 30. Ba4 Rd3 31. Bxc6 Rxa3 32. Nd6 (32. Bd5 $14 Nc7 33. Bc4) 32... Nc7 (32... Ra1+ $11 33. Ke2 Ra2+ 34. Ke1 Ba5+ 35. Kf1 Ra1+ 36. Ke2 Ra2+ 37. Kf1 Ra1+ 38. Kf2 Ra2+ 39. Kg1 Ra1+ 40. Kf2 Ra2+ 41. Kf1) 33. Ne8+ (33. Nc8 $14 Ra1+ 34. Ke2 Ra2+ 35. Kd1 Ra1+ 36. Kd2 Ra2+ 37. Kd1 Ra1+ 38. Kd2 Ra2+ 39. Kd1) 33... Nxe8 $11 {The position is equal.} 34. Bxe8 {KRB-KRB} Ra1+ 35. Ke2 Ra2+ 36. Kd3 Kf8 37. Bxf7 Rxg2 38. Be6 Rg7 39. Rb8+ {Accuracy: White = 57%, Black = 84%.} 1/2-1/2

[Event "3rd HoliCup Lake City 2019"]
[Site "Udaipur"]
[Date "2019.03.31"]
[Round "7.6"]
[White "Sanchit, Anand"]
[Black "Dutta, Joydeep"]
[Result "1/2-1/2"]
[WhiteElo "1817"]
[BlackElo "2097"]
[Annotator "NA RC"]
[PlyCount "79"]
[EventDate "2019.??.??"]
[EventCountry "IND"]
[SourceTitle "playchess.com"]
[Source "ChessBase"]
[SourceQuality "1"]
[TimeControl "5400+30"]

{[%evp 18,79,44,0,0,5,0,0,16,13,12,0,12,21,14,18,17,18,29,0,0,0,2,0,0,-12,0,0,8,0,-5,0,0,0,0,0,0,0,0,0,0,0,0,0,0,0,0,0,0,-23,0,0,0,0,0,0,0,-44,0,0,0,-39,0,0]} 1. e4 {[%emt 0:00:52]} e5 {[%emt 0:08:14]} 2. Nf3 {[%emt 0:00:30]} Nc6 {[%emt 0:00:07]} 3. Bc4 {[%emt 0:00:14]} Nf6 {[%emt 0:00:13]} 4. d3 {[%emt 0:00:10]} Bc5 {[%emt 0:00:11]} 5. c3 {[%emt 0:00:09]} d6 {[%emt 0:00:12]} 6. Nbd2 {[%emt 0:00:28]} a6 {[%emt 0:11:21]} 7. Bb3 {[%emt 0:00:08]} O-O {[%emt 0:02:53]} 8. O-O {[%emt 0:00:32]} Ba7 {[%emt 0:01:06]} 9. h3 {[%emt 0:00:51]} Nh5 {[%emt 0:07:47] C54: Giuoco Piano: 4 c3 Nf6, main lines with 5 d4 and 5 d3} (9... Ne7 10. Re1 Ng6 11. Nf1 Re8 12. Ng3 h6 13. d4 c6 14. Be3 exd4 15. Bxd4 c5 {½-½ (15) Andreikin,D (2719)-Mamedyarov,S (2817) St Petersburg 2018}) 10. Nxe5 {[%emt 0:05:02]} Nxe5 {[%emt 0:01:07]} 11. Qxh5 {[%emt 0:00:28]} Nxd3 {[%emt 0:00:13]} 12. Nf3 {[%emt 0:03:55]} Qf6 {[%emt 0:01:31]} 13. Bg5 {[%emt 0:02:04]} Qg6 {[%emt 0:00:32]} 14. Qxg6 {[%emt 0:00:51] Pin} hxg6 {[%emt 0:00:03]} 15. Rad1 {[%emt 0:00:48]} Nc5 {[%emt 0:01:00]} 16. Bc2 {[%emt 0:05:40]} f6 {[%emt 0:05:39]} 17. Be3 {[%emt 0:05:47] [#]} Be6 $146 {[%emt 0:01:33]} 18. b4 {[%emt 0:02:09]} Nd7 {[%emt 0:00:49]} 19. Bxa7 {[%emt 0:00:28]} Rxa7 {[%emt 0:00:01]} 20. a4 {[%emt 0:07:51]} a5 {[%emt 0:05:16]} 21. Nd4 {[%emt 0:02:41]} Bc4 {[%emt 0:00:27]} 22. Rfe1 {[%emt 0:00:08]} Nb6 {[%emt 0:01:09]} 23. b5 {[%emt 0:02:47]} Raa8 {[%emt 0:08:34]} 24. f4 {[%emt 0:02:59]} Rae8 {[%emt 0:03:06]} 25. Nf3 {[%emt 0:02:03]} Bf7 {[%emt 0:04:09]} 26. Kf2 {[%emt 0:09:47]} Re7 {[%emt 0:02:02]} 27. Re2 {[%emt 0:01:10]} Rfe8 {[%emt 0:04:50]} 28. Rde1 {[%emt 0:00:26]} Nd7 {[%emt 0:03:41]} 29. Re3 {[%emt 0:04:37]} Nc5 {[%emt 0:02:59]} 30. Nd4 {[%emt 0:06:16]} Bc4 {[%emt 0:01:12]} 31. Kf3 {[%emt 0:02:12]} Bf7 {[%emt 0:02:04]} 32. g3 {[%emt 0:04:35]} Kf8 {[%emt 0:02:59]} 33. Kf2 {[%emt 0:02:00]} Kg8 {[%emt 0:00:23]} 34. Kf3 {[%emt 0:00:06]} Rf8 {[%emt 0:00:15]} 35. Kf2 {[%emt 0:01:30]} Rfe8 {[%emt 0:02:32]} 36. Kf3 {[%emt 0:00:08]} Nd7 {[%emt 0:03:04]} 37. Bb3 {[%emt 0:02:01]} Nc5 {[%emt 0:00:44]} 38. Bc2 {[%emt 0:00:11]} Nd7 {[%emt 0:02:30]} 39. Bb3 {[%emt 0:01:10]} Nc5 $11 {[%emt 0:00:03]} 40. Bc2 $1 {[%emt 0:00:12]} 1/2-1/2

[Event "3rd HoliCup Lake City 2019"]
[Site "Udaipur"]
[Date "2019.03.31"]
[Round "7.7"]
[White "Chandan, Mandal"]
[Black "Sudhanshu, Ranjan"]
[Result "*"]
[WhiteElo "1799"]
[BlackElo "2056"]
[Annotator "NA RC"]
[PlyCount "21"]
[EventDate "2019.??.??"]
[EventCountry "IND"]
[SourceTitle "playchess.com"]
[Source "ChessBase"]
[SourceQuality "1"]
[TimeControl "5400+30"]

1. d4 {[%emt 0:00:00]} d5 {[%emt 0:00:00]} 2. c4 {[%emt 0:00:00]} e6 {[%emt 0:00:00]} 3. Nc3 {[%emt 0:00:16]} Nf6 {[%emt 0:00:00]} 4. cxd5 {[%emt 0:01:18]} exd5 5. Bg5 {[%emt 0:00:27]} Be7 {[%emt 0:00:55]} 6. e3 {[%emt 0:00:28]} O-O {[%emt 0:00:22]} 7. Bd3 {[%emt 0:03:11]} Be6 {[%emt 0:03:39]} 8. Nf3 {[%emt 0:03:01]} c6 {[%emt 0:01:45]} 9. Qc2 {[%emt 0:00:35]} h6 {[%emt 0:00:26]} 10. Bh4 {[%emt 0:00:32]} Nfd7 {[%emt 0:02:32]} 11. h3 {[%emt 0:06:18]} *

[Event "3rd HoliCup Lake City 2019"]
[Site "Udaipur"]
[Date "2019.03.31"]
[Round "7.7"]
[White "Chandan, Mandal"]
[Black "Sudhanshu, Ranjan"]
[Result "1-0"]
[WhiteElo "1799"]
[BlackElo "2056"]
[Annotator "NA RC"]
[PlyCount "50"]
[EventDate "2019.??.??"]
[EventCountry "IND"]
[SourceTitle "playchess.com"]
[Source "ChessBase"]
[SourceQuality "1"]
[TimeControl "5400+30"]

1. d4 {[%emt 0:00:00]} d5 {[%emt 0:00:00]} 2. c4 {[%emt 0:00:00]} e6 {[%emt 0:00:00]} 3. Nc3 {[%emt 0:00:16]} Nf6 {[%emt 0:00:00]} 4. cxd5 {[%emt 0:01:18]} exd5 5. Bg5 {[%emt 0:00:27]} Be7 {[%emt 0:00:55]} 6. e3 {[%emt 0:00:28]} O-O {[%emt 0:00:22]} 7. Bd3 {[%emt 0:03:11]} Be6 {[%emt 0:03:39]} 8. Nf3 {[%emt 0:03:01]} c6 {[%emt 0:01:45]} 9. Qc2 {[%emt 0:00:35]} h6 {[%emt 0:00:26]} 10. Bh4 {[%emt 0:00:32]} Nbd7 {[%emt 0:00:26]} 11. h3 {[%emt 0:04:06]} Ne8 {[%emt 0:02:36] D36: Queen's Gambit Declined: Exchange Variation: Main line (5 Bg5 c6 6 Qc2)} 12. Bxe7 {[%emt 0:02:42]} Qxe7 {[%emt 0:00:05]} 13. O-O {[%emt 0:06:54]} Nef6 {[%emt 0:06:11]} 14. Rfe1 $146 {[%emt 0:01:23]} ({Predecessor:} 14. Rac1 Ne8 15. Rfe1 Nd6 16. Ne5 Rfe8 {½-½ (26) Vecek,M (2289)-Almarza Mato,C (2137) ICCF email 2014}) 14... Rfc8 {[%emt 0:04:12]} 15. Rad1 {[%emt 0:08:36]} Qd6 {[%emt 0:01:13]} 16. a3 {[%emt 0:00:52]} a5 {[%emt 0:01:03]} 17. Qe2 {[%emt 0:02:06]} Re8 {[%emt 0:00:24]} 18. Nh4 {[%emt 0:03:52]} Rab8 {[%emt 0:01:53]} 19. Nf5 {[%emt 0:11:42]} Bxf5 {[%emt 0:01:02]} 20. Bxf5 {[%emt 0:00:02]} Nb6 {[%emt 0:00:21]} 21. Qc2 {[%emt 0:01:53]} Rbd8 {[%emt 0:02:45]} 22. Bd3 {[%emt 0:03:18]} Re7 {[%emt 0:05:33]} 23. a4 {[%emt 0:01:50]} Rc7 {[%emt 0:00:48]} 24. Ne2 {[%emt 0:00:32]} Rb8 $11 {[%emt 0:00:30]} 25. Rc1 {[%emt 0:00:30]} Nfd7 {[%emt 0:03:40]} 1-0

[Event "3rd HoliCup Lake City 2019"]
[Site "Udaipur"]
[Date "2019.03.31"]
[Round "7.8"]
[White "Suvankar, Maity"]
[Black "Ranjith, R.K."]
[Result "1/2-1/2"]
[WhiteElo "1911"]
[BlackElo "1790"]
[Annotator "NA RC"]
[PlyCount "117"]
[EventDate "2019.??.??"]
[EventCountry "IND"]
[SourceTitle "playchess.com"]
[Source "ChessBase"]
[SourceQuality "1"]
[TimeControl "5400+30"]

{[%evp 14,117,12,-6,0,-24,-22,-14,0,0,4,-5,0,-3,0,-28,-21,-20,-21,-28,-26,-27,-3,-28,-30,32767,32767,-60,-70,-50,-80,-87,-20,-18,-16,-25,-15,-23,-21,-11,0,-13,12,24,6,2,0,0,411,222,485,160,580,32767,32767,1162,972,0,0,0,32767,32767,32767,32767,0,0,0,0,0,0,0,0,0,0,0,0,0,0,0,0,0,0,0,32767,32767,32767,0,0,0,0,0,0,0,0,0,0,0,0,0,0,32767,32767,32767,32767,0,0]} 1. d4 {[%emt 0:09:16]} e6 {[%emt 0:03:26]} 2. c4 {[%emt 0:00:27]} f5 {[%emt 0:00:07]} 3. g3 {[%emt 0:00:15]} Nf6 {[%emt 0:00:13]} 4. Bg2 {[%emt 0:00:06]} Be7 {[%emt 0:02:50]} 5. Nc3 {[%emt 0:00:19]} O-O {[%emt 0:00:21]} 6. d5 {[%emt 0:03:08]} e5 {[%emt 0:06:03] A91: Classical Dutch: Early Deviations} 7. e4 {[%emt 0:00:06]} (7. Nf3 d6 8. O-O a5 9. c5 Na6 10. cxd6 cxd6 11. Ng5 Nc7 12. a4 h6 13. Nf3 Na6 14. Nd2 Bd7 15. Nc4 Rc8 16. b3 Nc5 {1-0 (35) Tarlev,K (2547)-Noroozi,O (2364) Urmia 2015}) 7... d6 {[%emt 0:07:28]} 8. Nge2 {[%emt 0:03:41]} Qe8 {[%emt 0:16:40]} 9. Qc2 $146 {[%emt 0:11:50]} ({Predecessor:} 9. O-O Qh5 10. f4 fxe4 11. Nxe4 Bg4 12. Rf2 Nxe4 13. Bxe4 exf4 14. Bxf4 {½-½ (39) Simic,M (2100)-Spelec,D (1924) Portoroz 2016}) 9... Qg6 {[%emt 0:05:00]} 10. O-O {[%emt 0:02:49]} fxe4 {[%emt 0:09:31]} 11. Nxe4 {[%emt 0:00:36]} Bf5 {[%emt 0:00:22]} 12. N2c3 {[%emt 0:00:53]} Nbd7 {[%emt 0:00:36]} 13. Qe2 {[%emt 0:05:13]} Nxe4 {[%emt 0:12:45]} 14. Nxe4 {[%emt 0:02:00]} Nf6 {[%emt 0:00:26]} 15. Re1 {[%emt 0:08:26]} Nxe4 {[%emt 0:06:32]} 16. Bxe4 {[%emt 0:00:11]} h5 {[%emt 0:00:34]} 17. a4 {[%emt 0:06:16]} Rf7 {[%emt 0:03:18]} 18. b3 {[%emt 0:07:05]} Raf8 {[%emt 0:01:43]} 19. Ra2 {[%emt 0:00:05]} Bg5 {[%emt 0:05:33]} 20. Bxf5 {[%emt 0:09:08]} Rxf5 {[%emt 0:00:44]} 21. Bxg5 {[%emt 0:01:36]} Qxg5 {[%emt 0:00:10]} 22. Qe3 {[%emt 0:04:07]} h4 {[%emt 0:06:34]} ({Black should try} 22... Qg4 $17 23. Qxa7 h4) 23. Qxg5 {[%emt 0:00:46]} ({But not} 23. Qxa7 Rf3 $17) 23... Rxg5 {[%emt 0:00:01]} 24. Kg2 {[%emt 0:00:19]} Rgf5 {[%emt 0:00:44]} 25. Re3 {[%emt 0:00:17]} h3+ {[%emt 0:00:13]} 26. Kf1 {[%emt 0:04:17]} Rf3 {[%emt 0:02:47]} 27. Rae2 {[%emt 0:00:05]} g5 {[%emt 0:01:40]} 28. Rxf3 {[%emt 0:05:54]} Rxf3 {[%emt 0:00:03]} 29. Re3 {[%emt 0:00:05]} Rxe3 {[%emt 0:06:43]} 30. fxe3 {[%emt 0:00:01]} e4 $2 {[%emt 0:01:09]} (30... g4 $1 $11 {and Black has nothing to worry.}) 31. g4 {[%emt 0:00:58]} (31. a5 $142 g4 32. Ke2) 31... Kf7 {[%emt 0:00:10]} 32. Kf2 $2 {[%emt 0:00:33]} (32. a5 $18 {is the precise move to win.} Ke8 33. Kf2) 32... Kf6 $2 {[%emt 0:00:17]} (32... c6 $16 {is more resistant.}) 33. Kg3 {[%emt 0:00:07]} Ke5 {[%emt 0:00:10]} 34. Kxh3 {[%emt 0:01:28]} c6 {[%emt 0:00:02]} 35. Kg3 $2 {[%emt 0:03:42]} (35. dxc6 $18 bxc6 36. a5) 35... cxd5 {[%emt 0:00:26]} 36. cxd5 {[%emt 0:00:03]} Kxd5 {[%emt 0:00:10]} 37. h4 {[%emt 0:00:08]} gxh4+ {[%emt 0:00:11]} 38. Kxh4 {[%emt 0:00:01]} Ke5 {[%emt 0:00:30]} 39. g5 {[%emt 0:01:57]} d5 $1 {[%emt 0:00:19]} 40. Kg4 {[%emt 0:00:52]} d4 $1 {[%emt 0:01:03]} 41. exd4+ {[%emt 0:00:13]} Kxd4 {[%emt 0:00:09]} 42. g6 {[%emt 0:00:06]} e3 {[%emt 0:00:28]} 43. Kf3 {[%emt 0:07:28]} Kd3 {[%emt 0:00:07]} 44. g7 {[%emt 0:00:03]} e2 {[%emt 0:00:16]} 45. g8=Q $1 {[%emt 0:00:03]} ({Much weaker is} 45. Kf2 Kd2 $17) 45... e1=Q {[%emt 0:00:26]} 46. Qc4+ {[%emt 0:00:44]} Kd2 {[%emt 0:00:13]} 47. Qb4+ {[%emt 0:00:03]} Kd1 {[%emt 0:00:15]} 48. Qxe1+ {[%emt 0:00:02]} Kxe1 {[%emt 0:00:09]} 49. Ke3 {[%emt 0:00:03]} Kd1 {[%emt 0:00:21]} 50. Kd3 {[%emt 0:00:03]} Kc1 {[%emt 0:00:06]} 51. Kc3 {[%emt 0:00:54]} Kb1 {[%emt 0:00:01]} 52. Kb4 {[%emt 0:05:06]} Ka2 {[%emt 0:02:29]} 53. a5 {[%emt 0:00:35]} Kb2 {[%emt 0:00:36]} 54. a6 {[%emt 0:01:15]} b6 {[%emt 0:02:48]} 55. Kb5 {[%emt 0:00:15]} Kxb3 {[%emt 0:00:08]} 56. Kc6 {[%emt 0:00:01]} Kc4 {[%emt 0:01:12]} 57. Kb7 {[%emt 0:00:03]} b5 {[%emt 0:00:06]} 58. Kxa7 {[%emt 0:00:04]} b4 {[%emt 0:00:07]} 59. Kb8 $11 {[%emt 0:00:15]} 1/2-1/2

[Event "3rd HoliCup Lake City 2019"]
[Site "Udaipur"]
[Date "2019.03.31"]
[Round "7.9"]
[White "Heikrujam, Jacky Singh"]
[Black "Atri, Chattopadhyay"]
[Result "1/2-1/2"]
[WhiteElo "1886"]
[BlackElo "1743"]
[Annotator "NA RC"]
[PlyCount "55"]
[EventDate "2019.??.??"]
[EventCountry "IND"]
[SourceTitle "playchess.com"]
[Source "ChessBase"]
[SourceQuality "1"]
[TimeControl "5400+30"]

{[%evp 27,55,44,49,43,60,46,49,56,50,31,37,0,22,0,0,6,0,-50,-73,-76,-75,-69,-72,-94,0,-44,20,0,236,-85]} 1. d4 {[%emt 0:00:04]} f5 {[%emt 0:00:42]} 2. Bg5 {[%emt 0:00:35]} Nf6 {[%emt 0:00:26]} 3. Bxf6 {[%emt 0:00:05]} exf6 {[%emt 0:00:07]} 4. Nf3 {[%emt 0:00:13]} d5 {[%emt 0:00:17]} 5. g3 {[%emt 0:00:22]} Bd6 {[%emt 0:00:55]} 6. Bg2 {[%emt 0:01:22]} c6 {[%emt 0:00:14]} 7. O-O {[%emt 0:00:09]} O-O {[%emt 0:00:05]} 8. e3 {[%emt 0:00:11]} Be6 {[%emt 0:02:25]} 9. Nbd2 {[%emt 0:00:29]} Na6 {[%emt 0:01:09]} 10. Rc1 {[%emt 0:02:00]} Nc7 {[%emt 0:00:28]} 11. c4 {[%emt 0:00:13]} g6 {[%emt 0:02:45]} 12. Ne1 {[%emt 0:03:36]} Re8 {[%emt 0:06:16]} 13. Nd3 {[%emt 0:01:12]} Kg7 {[%emt 0:03:33]} 14. c5 {[%emt 0:05:10]} Bf8 {[%emt 0:01:18]} 15. Nb1 {[%emt 0:01:49]} Bf7 {[%emt 0:02:57]} 16. Nc3 {[%emt 0:00:31]} Qd7 {[%emt 0:00:55]} 17. b4 {[%emt 0:00:42]} b5 {[%emt 0:12:23]} 18. cxb6 {[%emt 0:01:24]} axb6 {[%emt 0:00:17]} 19. Rc2 {[%emt 0:22:17]} Reb8 {[%emt 0:06:29]} 20. Qd2 {[%emt 0:01:07]} Ne8 {[%emt 0:01:17]} 21. Rfc1 {[%emt 0:11:19]} Ra7 {[%emt 0:01:50]} 22. Ne2 {[%emt 0:03:31]} Nd6 {[%emt 0:00:52]} 23. Nc3 {[%emt 0:07:02]} Nc4 {[%emt 0:01:14]} 24. Qd1 {[%emt 0:01:08]} Na3 {[%emt 0:02:17]} 25. Rb2 {[%emt 0:00:30]} Nc4 {[%emt 0:02:00]} (25... b5 $15) 26. Rb3 Rba8 ({Better is} 26... b5 $15) 27. a4 c5 $2 (27... Rc8 $11) 28. b5 $17 ({But not} 28. bxc5 bxc5 29. Nxc5 (29. dxc5 Rc8 $16) 29... Qd8) ({White should play} 28. dxc5 $18 Rc8 29. cxb6 Nxb6 30. a5) 1/2-1/2

[Event "3rd HoliCup Lake City 2019"]
[Site "Udaipur"]
[Date "2019.03.31"]
[Round "7.10"]
[White "Nirgun, Keval"]
[Black "Awadh, Chaitanya"]
[Result "0-1"]
[WhiteElo "1779"]
[BlackElo "1882"]
[Annotator "NA RC"]
[PlyCount "108"]
[EventDate "2019.??.??"]
[EventCountry "IND"]
[SourceTitle "playchess.com"]
[Source "ChessBase"]
[SourceQuality "1"]
[TimeControl "5400+30"]

1. Nf3 {[%emt 0:00:00]} Nf6 {[%emt 0:00:03]} 2. c4 {[%emt 0:00:00]} e6 {[%emt 0:00:13]} 3. g3 {[%emt 0:00:00]} d5 {[%emt 0:00:06]} 4. d4 {[%emt 0:00:00]} Bb4+ {[%emt 0:02:01]} 5. Bd2 {[%emt 0:00:03]} Be7 {[%emt 0:00:08]} 6. Bg2 {[%emt 0:00:24]} O-O {[%emt 0:00:18]} 7. O-O {[%emt 0:00:30]} c6 {[%emt 0:00:30]} 8. b3 {[%emt 0:00:30]} Nbd7 {[%emt 0:00:30]} 9. Nc3 {[%emt 0:00:30]} b6 {[%emt 0:00:30]} 10. Bf4 {[%emt 0:00:30]} Ba6 {[%emt 0:00:30]} 11. Nd2 {[%emt 0:00:30] E15: Queen's Indian: 4 g3 sidelines, 4 g3 Ba6 and 4 g3 Bb7 early deviations} Rc8 {[%emt 0:00:30]} (11... Nh5 12. Be3 Rc8 13. a4 f5 14. cxd5 exd5 15. Nf3 f4 16. Bd2 Bd6 17. Re1 Re8 18. e4 fxe3 19. Bxe3 {½-½ (57) Li,C (2751)-Wojtaszek,R (2727) Huaian 2016}) 12. e4 {[%emt 0:00:30]} Nxe4 {[%emt 0:00:30]} 13. Ndxe4 {[%emt 0:00:30]} dxe4 {[%emt 0:00:30]} 14. Nxe4 {[%emt 0:00:30]} Nf6 {[%emt 0:00:30]} 15. Rc1 {[%emt 0:00:30]} Nxe4 {[%emt 0:00:30]} 16. Bxe4 {[%emt 0:00:30]} Bf6 $146 {[%emt 0:00:30]} ({Predecessor:} 16... Bg5 17. Qh5 f5 18. Bxg5 {1-0 (17) Hlavnicka,J (2210)-Novotny,V Plzen 1995}) 17. Be5 {[%emt 0:00:30]} Bg5 {[%emt 0:00:30]} 18. Rc3 {[%emt 0:00:30]} f6 {[%emt 0:00:30]} 19. Bf4 {[%emt 0:00:30]} Bxf4 {[%emt 0:00:30]} 20. gxf4 {[%emt 0:00:30]} f5 {[%emt 0:00:30]} 21. Bg2 {[%emt 0:00:30]} Qd6 {[%emt 0:00:30]} 22. Qd2 {[%emt 0:00:30]} Rcd8 {[%emt 0:00:30]} 23. Rd1 {[%emt 0:00:30]} Rf6 {[%emt 0:00:30]} 24. Rg3 {[%emt 0:00:30]} Rh6 {[%emt 0:00:30]} 25. Qe3 {[%emt 0:00:30]} Rh4 {[%emt 0:00:30]} 26. Re1 {[%emt 0:00:30]} Bc8 $11 {[%emt 0:00:30]} 27. d5 {[%emt 0:00:30]} exd5 {[%emt 0:00:30]} 28. cxd5 {[%emt 0:00:30]} cxd5 {[%emt 0:00:30]} 29. Qd4 {[%emt 0:00:30]} Rg4 {[%emt 0:00:30]} 30. Rd3 {[%emt 0:00:30]} Ba6 {[%emt 0:00:30]} 31. Rde3 {[%emt 0:00:30]} Rxf4 {[%emt 0:00:30]} 32. Bxd5+ {[%emt 0:00:30]} Kf8 {[%emt 0:00:30]} 33. Qe5 {[%emt 0:00:30]} Qxe5 {[%emt 0:00:30]} 34. Rxe5 {[%emt 0:00:30]} Rxd5 {[%emt 0:00:30]} 35. Rxd5 {[%emt 0:00:30]} Rg4+ {[%emt 0:00:30]} 36. Kh1 {[%emt 0:00:30]} Bb7 {[%emt 0:00:30]} 37. Red1 {[%emt 0:00:30]} Ke7 {[%emt 0:00:30]} 38. f3 {[%emt 0:00:30]} Bxd5 {[%emt 0:00:30]} 39. Rxd5 {[%emt 0:00:30]} Ke6 {[%emt 0:00:30]} 40. Rd8 {[%emt 0:00:30]} Rg6 {[%emt 0:00:30]} 41. f4 {[%emt 0:00:30]} Rg4 {[%emt 0:00:30]} 42. Ra8 {[%emt 0:00:30]} Rxf4 {[%emt 0:00:30]} 43. Kg2 {[%emt 0:00:30]} a5 {[%emt 0:00:30]} 44. Rb8 {[%emt 0:00:30]} Rb4 {[%emt 0:00:30]} 45. Kf3 {[%emt 0:00:30]} Kf6 {[%emt 0:00:30]} 46. Rb7 {[%emt 0:00:30]} h5 {[%emt 0:00:30]} 47. h3 {[%emt 0:00:30]} g6 {[%emt 0:00:30]} 48. Rb8 {[%emt 0:00:30]} Kg5 {[%emt 0:00:30]} 49. Rb7 {[%emt 0:00:30]} a4 {[%emt 0:00:30]} 50. bxa4 {[%emt 0:00:30]} Rxa4 {[%emt 0:00:30]} 51. Rxb6 {[%emt 0:00:30]} Ra3+ {[%emt 0:00:30]} 52. Kg2 {[%emt 0:00:30]} Rxa2+ {[%emt 0:00:30]} 53. Kf3 {[%emt 0:00:30]} Kh4 {[%emt 0:00:30]} 54. Rb8 {[%emt 0:00:30]} Rh2 {[%emt 0:00:30]} 0-1